Alle SXTN Songs - Statistiken

Allgemein
  • Dieses Quiz wurde 119 mal gespielt
  • Das Durchschnittsergebnis liegt bei 9 aus 20
Antwortstatistiken
Album Song % Korrekt
Leben am Limit Bongzimmer
88%
Asozialisierungsprogramm Fotzen im Club
81%
Leben am Limit Von Party zu Party
81%
Asozialisierungsprogramm Hass Frau
62%
Leben am Limit Ständer
57%
Asozialisierungsprogramm Deine Mutter
54%
Leben am Limit Schule
52%
Leben am Limit Ausziehen
51%
Leben am Limit Die Fotzen sind wieder da
45%
Asozialisierungsprogramm Made 4 Love
45%
Leben am Limit Er will Sex
41%
Asozialisierungsprogramm Ich bin schwarz
36%
Leben am Limit Vorstadtjunge
35%
Leben am Limit Frischfleisch
32%
Leben am Limit Heul doch
32%
Leben am Limit Ich hab kein Feuerzeug
32%
Asozialisierungsprogramm So high
29%
Leben am Limit Partyopfer
28%
Asozialisierungsprogramm Kein Geld
26%
Asozialisierungsprogramm Wir sind friedlich
25%
Keine übereinstimmenden Quizze gefunden
Verteilung der Resultate
Anzahl Personen mit jedem Resultat
Perzentil nach korrekt beantworteten Fragen
Ihre Resultats-Entwicklung
Sie haben dieses Quiz noch nicht gespielt